|
|
|
|
| LEADER |
00000nam0a2200000 4500 |
| 001 |
186806 |
| 005 |
20231101224020.0 |
| 035 |
|
|
|a (RuTPU)RU\TPU\book\202675
|
| 035 |
|
|
|a RU\TPU\tpu\6681
|
| 090 |
|
|
|a 186806
|
| 100 |
|
|
|a 20101103d1914 k y0rusy50 ca
|
| 101 |
0 |
|
|a rus
|
| 102 |
|
|
|a RU
|
| 105 |
|
|
|a a z 000zy
|
| 200 |
1 |
|
|a Железо и азот
|e экспериментальное исследование количества азота и причин содержания его в чугуне, стали и железе: влияние азота на механические свойства железа
|f Н. П. Чижевский
|
| 210 |
|
|
|a Томск
|c Типо-литография Сибирского Т-ва Печатного Дела
|d 1914
|
| 215 |
|
|
|a 91 с.
|c ил.
|
| 300 |
|
|
|a Текст в русской дореформенной орфографии
|
| 300 |
|
|
|a Печатано по распоряжению директора Томского Технологического Института Императора Николая II
|
| 316 |
|
|
|5 63413507: 26//2120
|a На титульном листе дарственная надпись: "Многоуважаемому Льву Львовичу Тове от автора"
|
| 317 |
|
|
|5 63413507: 26//2120
|a Поступила в НТБ в 1918 г. в составе книжного собрания профессора ТТИ Л. Л. Тове
|
| 517 |
1 |
|
|a Желъзо и азотъ
|e экспериментальное изслъдованiе количества азота и причинъ содержанiя его въ чугунъ, стали и желъзъ: влiянiе азота на механическiя свойства желъза
|z chu
|
| 606 |
1 |
|
|a Радиоактивные изотопы
|x Применение в металлургии
|2 stltpush
|3 (RuTPU)RU\TPU\subj\22373
|9 47145
|
| 610 |
1 |
|
|a металловедение
|
| 610 |
1 |
|
|a труды учёных ТПУ
|
| 610 |
1 |
|
|a термическая обработка
|
| 610 |
1 |
|
|a механические свойства
|
| 610 |
1 |
|
|a железо
|
| 610 |
1 |
|
|a азот в стали
|
| 610 |
1 |
|
|a дарственная надпись
|
| 610 |
1 |
|
|a Коллекция Л. Л. Тове
|
| 675 |
|
|
|a 669:539
|v 3
|
| 700 |
|
1 |
|a Чижевский
|b Н. П.
|c российский металлург
|c академик АН СССР
|f 1873-1952
|g Николай Прокопьевич
|2 stltpush
|3 (RuTPU)RU\TPU\pers\7962
|
| 801 |
|
0 |
|a RU
|b 63413507
|c 20011210
|g PSBO
|
| 801 |
|
2 |
|a RU
|b 63413507
|c 20230317
|g PSBO
|
| 942 |
|
|
|c BK
|